Complete the film title (Daniel Day-Lewis) - Statistics

General Stats
  • This quiz has been taken 27 times
  • The average score is 10 of 14
Answer Stats
Film Title % Correct
Gangs of New {York}
100%
A Room with a {View}
92%
Sunday Bloody {Sunday}
92%
There Will Be {Blood}
92%
My Left {Foot}
84%
In the Name of the {Father}
76%
The Age of {Innocence}
76%
The Last of the {Mohicans}
72%
The Unbearable Lightness of {Being}
64%
My Beautiful {Laundrette}
56%
Phantom {Thread}
56%
Eversmile, New {Jersey}
44%
Stars and {Bars}
28%
The Ballad of Jack and {Rose}
20%
No matching quizzes found
Score Distribution
Percent of People with Each Score
Percentile by Number Answered
Your Score History
You have not taken this quiz